Mixed Word: Benjamin Franklin's Virtues Quiz Stats

 Plays Quiz Updated May 6, 2012

Support Sporcle.
Go Orange.
Score 0/13 Timer 05:00
0 Plays Today
Mixed Word Virtue % Correct
STUJECIJUSTICE
94.9%
DERROORDER
94.5%
NESILECSILENCE
88.6%
LUMIIHTYHUMILITY
88.5%
SEENCLALINSCLEANLINESS
74.1%
RENTEMPACETEMPERANCE
71.8%
TASHIYCTCHASTITY
65.4%
YAGURLIFTFRUGALITY
63.6%
CTEYIRINSSINCERITY
63%
YUNDSTIRINDUSTRY
61.3%
REDAMTOONIMODERATION
55.9%
QUARNTLIYTITRANQUILITY
48.8%
TOULOSERINRESOLUTION
44.1%

From the Vault

World Series by Image

by DarkPhalanx

Sports 8m
The images probably won't help if you haven't seen them before.
Remove Ads.
Support Sporcle.
Get the best of Sporcle when you Go Orange. This ad-free experience offers more features, more stats, and more fun while also helping to support Sporcle. Thank you for becoming a member.

Show Comments

Extras

Top Quizzes Today


Score Distribution

Your Account Isn't Verified!

In order to create a playlist on Sporcle, you need to verify the email address you used during registration. Go to your Sporcle Settings to finish the process.

Report this User

Report this user for behavior that violates our Community Guidelines.

Details: